[Event "IX Floripa Chess Open Fort Atacadista"]
[Site "Florianópolis - Santa Catari"]
[Date "2023.01.25"]
[Round "4.249"]
[White "Trentini, Agata Papini"]
[Black "Born, Ary"]
[Result "0-1"]
[WhiteElo "1800"]
[BlackElo "1227"]
[PlyCount "76"]
[EventDate "2023.01.23"]
[EventRounds "10"]
[EventCountry "BRA"]

1. e4 e6 2. Nf3 c5 3. Bc4 d5 4. Bb5+ Nc6 5. d3 Qa5+ 6. Nc3 d4 7. Bd2 dxc3 8.
Bxc6+ bxc6 9. Bxc3 Qc7 10. Be5 Bd6 11. Bxg7 e5 12. h3 (12. b3) 12... f6 13.
Bxh8 Bb7 14. c3 Ba6 15. Nh4 O-O-O 16. Qg4+ Kb7 17. Qd1 Be7 18. Nf5 Bxd3 19. Ng7
Qd7 20. f3 c4 21. b3 Nh6 22. bxc4 Rxh8 23. Rb1+ Ka8 24. Nf5 Nxf5 25. Kf2 Bc5+
26. Ke1 Rd8 27. Rc1 Ne3 28. Qd2 Nxc4 29. Qd1 Ba3 30. Rb1 Bxb1 31. Qxd7 Rxd7 32.
g4 Bc5 33. h4 Rd2 34. g5 Bf2+ 35. Kf1 Bd3+ 36. Kg2 Be3+ 37. Kh3 fxg5 38. hxg5
Bxg5 0-1

[Event "IX Floripa Chess Open Fort Atacadista"]
[Site "Florianópolis - Santa Catari"]
[Date "2023.01.25"]
[Round "4.250"]
[White "Lisboa, Maria Eduarda Mazza"]
[Black "Da Costa, Evelyn Maria Fuck"]
[Result "0-1"]
[WhiteElo "1743"]
[BlackElo "1220"]
[PlyCount "66"]
[EventDate "2023.01.23"]
[EventRounds "10"]
[EventCountry "BRA"]

1. e4 e5 2. Nf3 Nf6 3. Nc3 Nc6 4. Bb5 Bb4 5. d3 d6 6. O-O a6 7. Bxc6+ bxc6 8.
Bd2 h6 9. a3 Ba5 10. b4 Bb6 11. h3 O-O 12. Be3 Nh7 13. Bxb6 cxb6 14. a4 Be6 15.
d4 Ng5 16. dxe5 Nxf3+ 17. Qxf3 dxe5 18. Rfd1 Qc7 19. Qe2 b5 20. axb5 axb5 21.
Rxa8 Rxa8 22. Qd2 Qe7 23. f3 Qxb4 24. Rb1 Qd4+ 25. Qxd4 exd4 26. Ne2 Ra4 27.
Rd1 c5 28. c3 Bc4 29. cxd4 cxd4 30. Nxd4 Kf8 31. e5 b4 32. e6 Ke8 33. Kf2 b3
0-1

[Event "IX Floripa Chess Open Fort Atacadista"]
[Site "Florianópolis - Santa Catari"]
[Date "2023.01.26"]
[Round "5.1"]
[White "Pichot, Alan"]
[Black "Di Berardino, Diego Rafael"]
[Result "1/2-1/2"]
[WhiteElo "2634"]
[BlackElo "2458"]
[PlyCount "55"]
[EventDate "2023.01.23"]
[EventRounds "10"]
[EventCountry "BRA"]

1. e4 e5 2. Nf3 Nc6 3. Bb5 a6 4. Ba4 Nf6 5. O-O Be7 6. Re1 b5 7. Bb3 O-O 8. a4
b4 9. d3 d6 10. a5 Be6 11. Bxe6 fxe6 12. c3 Rb8 13. Nbd2 bxc3 14. bxc3 Nd7 15.
Qa4 Rb5 16. Qc4 Nc5 17. d4 d5 18. exd5 exd5 19. Qe2 exd4 20. cxd4 Ne4 21. Nxe4
dxe4 22. Qxe4 Qd5 23. Bf4 Bb4 24. Qxd5+ Rxd5 25. Re4 Nxd4 26. Bxc7 Bc3 27. Rc1
Nxf3+ 28. gxf3 1/2-1/2

[Event "IX Floripa Chess Open Fort Atacadista"]
[Site "Florianópolis - Santa Catari"]
[Date "2023.01.26"]
[Round "5.2"]
[White "Rodrigues, Edgar"]
[Black "Mareco, Sandro"]
[Result "1/2-1/2"]
[WhiteElo "2299"]
[BlackElo "2625"]
[PlyCount "114"]
[EventDate "2023.01.23"]
[EventRounds "10"]
[EventCountry "BRA"]

1. e4 e5 2. Nf3 Nc6 3. d4 exd4 4. Nxd4 Bc5 5. Be3 Qf6 6. c3 d6 7. Bc4 Ne5 8.
O-O Qg6 9. f3 Nxc4 10. Qa4+ c6 11. Qxc4 Nf6 12. Nd2 O-O 13. Kh1 Bb6 14. Qa4 Re8
15. c4 d5 16. cxd5 cxd5 17. Qb3 dxe4 18. Nc4 Bxd4 19. Bxd4 Be6 20. Qb4 Bd5 21.
Ne5 Qh5 22. f4 a5 23. Qc3 Qf5 24. Qg3 Rac8 25. Bc3 a4 26. a3 e3 27. Qxe3 Ne4
28. Qd4 Nxc3 29. bxc3 Bb3 30. Rae1 (30. Rad1) 30... f6 31. Nf3 Red8 32. Qb4 Qc5
33. Qxb7 Rc7 34. Qb4 Qxc3 35. Qb6 Rdc8 36. Nd4 Qc5 37. Qxc5 Rxc5 38. Kg1 Bf7
39. Re7 g6 40. Ra7 Rc4 41. Nb5 Rd8 42. g3 Rc5 43. Nc7 Rd2 44. Rf2 Rd7 45. Ra8+
Kg7 46. Ne8+ Bxe8 47. Rxe8 Rc1+ 48. Rf1 Rxf1+ 49. Kxf1 Rd3 50. Re7+ Kg8 51. Kg2
Rxa3 52. Ra7 h5 53. Kh3 Ra2 54. g4 a3 55. gxh5 gxh5 56. Kg3 Kf8 57. h3 Ra1
1/2-1/2

[Event "IX Floripa Chess Open Fort Atacadista"]
[Site "Florianópolis - Santa Catari"]
[Date "2023.01.26"]
[Round "5.3"]
[White "Fier, Alexandr"]
[Black "Languidey, Simon Alejandro"]
[Result "1-0"]
[WhiteElo "2602"]
[BlackElo "2403"]
[PlyCount "79"]
[EventDate "2023.01.23"]
[EventRounds "10"]
[EventCountry "BRA"]

1. e4 e6 2. d4 d5 3. Nc3 Nf6 4. e5 Nfd7 5. f4 c5 6. Nf3 Nc6 7. Be3 a6 8. a3 b5
9. Bd3 cxd4 10. Nxd4 Nxd4 11. Bxd4 Bc5 12. Ne2 O-O 13. c3 Qh4+ 14. g3 Qh3 15.
Qc2 Bxd4 16. cxd4 Nb6 17. b3 Bd7 18. Qc7 Rab8 19. Kf2 f5 20. Rac1 Qh5 21. Qa7
Qe8 22. Qxa6 Qd8 23. Qa5 Rf7 24. Rc5 Be8 25. Rhc1 Rfb7 26. Qc3 Na8 27. Rc8 Rxc8
28. Qxc8 Qxc8 29. Rxc8 Nc7 30. g4 g6 31. gxf5 gxf5 32. Ng3 Kg7 33. Bxf5 exf5
34. Nxf5+ Kg6 35. Nd6 Ra7 36. Nxe8 Nxe8 37. Rxe8 Rxa3 38. Rf8 Kg7 39. Rb8 Kg6
40. Rxb5 1-0

[Event "IX Floripa Chess Open Fort Atacadista"]
[Site "Florianópolis - Santa Catari"]
[Date "2023.01.26"]
[Round "5.4"]
[White "Caetano, Ryan Wesley Da Cost"]
[Black "Delgado Ramirez, Neuris"]
[Result "0-1"]
[WhiteElo "2240"]
[BlackElo "2562"]
[PlyCount "134"]
[EventDate "2023.01.23"]
[EventRounds "10"]
[EventCountry "BRA"]

1. d4 Nf6 2. c4 e6 3. Nc3 Bb4 4. Qc2 d5 5. a3 Bxc3+ 6. Qxc3 O-O 7. Nf3 dxc4 8.
Qxc4 b6 9. Bg5 Ba6 10. Qc2 c5 11. Rd1 cxd4 12. Rxd4 Qc8 13. Qxc8 Rxc8 14. Bxf6
gxf6 15. e3 Bb7 16. Be2 Bd5 17. O-O Nc6 18. Rg4+ Kh8 19. e4 Bb3 20. Rf4 Kg7 21.
Rg4+ Kf8 22. Rh4 Kg7 23. Rg4+ Kh8 24. Rf4 Ne7 25. Rxf6 Kg7 26. Rf4 Rc2 27. Rg4+
Ng6 28. Nd4 Rd2 29. Nxb3 Rxe2 30. Nc1 Rxb2 31. f4 f5 32. exf5 exf5 33. Rg5 Kf6
34. Rh5 Rd8 35. Rxh7 Rdd2 36. g3 Nf8 37. Rh6+ Kg7 38. Rh3 Nd7 39. g4 Rg2+ 40.
Kh1 Rxg4 41. Nd3 Rb3 42. Nf2 Rxh3 43. Nxh3 Nc5 44. Rg1 Kf6 45. Rg3 Ne6 46. Rf3
b5 47. Rb3 a6 48. Rb4 Ke7 49. a4 Kd6 50. axb5 Kc5 51. Rb1 axb5 52. Nf2 Rg7 53.
Re1 Nd4 54. Nd3+ Kc4 55. Ne5+ Kd5 56. h3 b4 57. Kh2 b3 58. Rb1 Rb7 59. h4 Ke4
60. Kh3 Kxf4 61. Ng6+ Ke3 62. h5 Rh7 63. Kh4 Nf3+ 64. Kg3 Nd2 65. Re1+ Kd4 66.
Rd1 Kc3 67. Rc1+ Kb4 0-1

[Event "IX Floripa Chess Open Fort Atacadista"]
[Site "Florianópolis - Santa Catari"]
[Date "2023.01.26"]
[Round "5.5"]
[White "Mekhitarian, Krikor Sevag"]
[Black "Pires, Marcos Vinicius Tor"]
[Result "1-0"]
[WhiteElo "2551"]
[BlackElo "2238"]
[PlyCount "97"]
[EventDate "2023.01.23"]
[EventRounds "10"]
[EventCountry "BRA"]

1. d4 d5 2. c4 c6 3. Nf3 Nf6 4. e3 a6 5. Nc3 Bf5 6. Qb3 Ra7 7. Nh4 Be4 8. f3
Bg6 9. e4 dxe4 10. Nxg6 hxg6 11. Be3 e6 12. O-O-O Nbd7 13. fxe4 Qa5 14. e5 Ng4
15. Bg1 Ra8 16. Be2 Nh6 17. g4 Be7 18. Be3 O-O 19. Ne4 c5 20. d5 exd5 21. Rxd5
Qc7 22. Bf4 Rfd8 23. Rf1 Qc6 24. Qf3 Qe6 25. Rfd1 Nf8 26. Nxc5 Qb6 27. Rxd8
Rxd8 28. Rxd8 Qxd8 29. Nxb7 Qd7 30. Qd5 Qa4 31. Kb1 Ne6 32. Bd2 Kh7 33. Nd6 Bg5
34. b3 Qa3 35. Qa5 Qxa5 36. Bxa5 Bf4 37. Bc3 Bxh2 38. Ne4 Ng8 39. c5 Ne7 40.
Bxa6 Nc6 41. Bc4 Bxe5 42. Bxe5 Nxe5 43. Bxe6 fxe6 44. b4 Kg8 45. b5 Kf8 46. a4
Ke7 47. g5 Kd7 48. Kc2 Kc7 49. Kc3 1-0

[Event "IX Floripa Chess Open Fort Atacadista"]
[Site "Florianópolis - Santa Catari"]
[Date "2023.01.26"]
[Round "5.6"]
[White "Barbosa, Evandro Amorim"]
[Black "Federzoni, Enzo"]
[Result "1-0"]
[WhiteElo "2482"]
[BlackElo "2123"]
[PlyCount "88"]
[EventDate "2023.01.23"]
[EventRounds "10"]
[EventCountry "BRA"]

1. e4 c5 2. Nf3 d6 3. d4 cxd4 4. Nxd4 Nf6 5. Nc3 a6 6. Be2 e5 7. Nb3 Be7 8. O-O
O-O 9. Re1 Be6 10. Bf3 Nbd7 11. a4 Rc8 12. a5 Qc7 13. Be3 Qb8 14. Nd2 Bd8 15.
Qb1 Qa8 16. Rd1 b5 17. axb6 Bxb6 18. Nf1 Bxe3 19. Nxe3 Qc6 20. Ra5 Nc5 21. Qa1
Ra8 22. Qa3 Rfb8 23. Ncd5 Bxd5 24. exd5 Qb7 25. Nc4 e4 26. Be2 Rd8 27. b4 Ncd7
28. Nxd6 Qc7 29. Nc4 Nb6 30. Ne3 Nfxd5 31. Nxd5 Qxc2 32. Kf1 Nc4 33. Qa4 Qxa4
34. Rxa4 Nb2 35. Ne7+ Kf8 36. Rxd8+ Rxd8 37. Nc6 Rd2 38. Rxa6 f5 39. g3 Rc2 40.
Nd4 Rc1+ 41. Kg2 Nd3 42. Bxd3 exd3 43. Nf3 Rb1 44. Rd6 Kg8 1-0

[Event "IX Floripa Chess Open Fort Atacadista"]
[Site "Florianópolis - Santa Catari"]
[Date "2023.01.26"]
[Round "5.7"]
[White "Lima, Darcy"]
[Black "Zacarias, M Ruben D"]
[Result "1-0"]
[WhiteElo "2439"]
[BlackElo "2176"]
[PlyCount "139"]
[EventDate "2023.01.23"]
[EventRounds "10"]
[EventCountry "BRA"]

1. d4 Nf6 2. c4 e6 3. Nf3 Bb4+ 4. Bd2 Qe7 5. g3 Bxd2+ 6. Qxd2 Nc6 7. Nc3 d5 8.
Ne5 dxc4 9. Nxc4 O-O 10. Bg2 Rd8 11. e3 e5 12. d5 e4 13. O-O Ne5 14. Qd4 Nc6
15. Qd2 Ne5 16. Nxe5 Qxe5 17. Qc2 Bf5 18. Rfd1 Nxd5 19. Nxe4 c6 20. Rd4 Nf6 21.
Rad1 Rxd4 22. Rxd4 Nxe4 23. Bxe4 Bxe4 24. Rxe4 Qf6 25. Qb3 b6 26. Rf4 Qe7 27.
Qc4 c5 28. Qd5 Re8 29. a4 g6 30. h4 h5 31. g4 hxg4 32. Rxg4 Qe6 33. Qf3 Kg7 34.
h5 Rh8 35. hxg6 fxg6 36. Re4 Qf6 37. Rf4 Qe7 38. e4 Rh4 39. Kf1 Rxf4 40. Qxf4
Qd7 41. e5 Qf7 42. Qe4 g5 43. Ke1 Qe6 44. Kd2 a5 45. Kc3 Kf8 46. Qe3 g4 47.
Qf4+ Ke7 48. Qe4 Kd7 49. Kd2 Ke7 50. Ke1 Kf7 51. Kf1 Kg7 52. Kg2 Kh6 53. Qe3+
Kh5 54. Kg3 Qe7 55. Qf4 Qh4+ 56. Kg2 Qh3+ 57. Kg1 Qd3 58. Qf7+ Kh4 59. Qf6+ Kh5
60. Qf7+ Kh4 61. Qf4 Kh5 62. e6 Qe2 63. Qf5+ Kh4 64. Qf6+ Kh5 65. e7 Qe1+ 66.
Kh2 g3+ 67. Kxg3 Qg1+ 68. Kf3 Qd1+ 69. Kg2 Qd5+ 70. Qf3+ 1-0

[Event "IX Floripa Chess Open Fort Atacadista"]
[Site "Florianópolis - Santa Catari"]
[Date "2023.01.26"]
[Round "5.8"]
[White "Saito, Vinicius"]
[Black "Rodriguez Vila, Andres"]
[Result "1/2-1/2"]
[WhiteElo "2138"]
[BlackElo "2435"]
[PlyCount "125"]
[EventDate "2023.01.23"]
[EventRounds "10"]
[EventCountry "BRA"]

1. e4 e5 2. Nf3 Nc6 3. Bb5 a6 4. Ba4 d6 5. Bxc6+ bxc6 6. d4 exd4 7. Nxd4 c5 8.
Nf3 g6 9. Bg5 f6 10. Bd2 Bg7 11. Bc3 Ne7 12. O-O O-O 13. Nbd2 Be6 14. Re1 Qd7
15. Qe2 Rfe8 16. Rad1 Bf7 17. Qd3 Qb5 18. b3 Nc6 19. Nc4 Nb4 20. Bxb4 cxb4 21.
Ne3 Qxd3 22. cxd3 a5 23. Rc1 c5 24. Nc4 Ra6 25. h3 Rd8 26. Red1 Bh6 27. Rc2 d5
28. exd5 Bxd5 29. Ne3 Bxf3 30. gxf3 Bf8 31. Rcd2 a4 32. d4 axb3 33. axb3 Ra3
34. dxc5 Rxd2 35. Rxd2 Bxc5 36. Rd3 Kf7 37. Kg2 Ke6 38. f4 Ra2 39. Kf3 Rb2 40.
Kg3 h5 41. Kf3 h4 42. Nd1 Ra2 43. Ne3 f5 44. Nd1 Ra1 45. Ke2 Rb1 46. Kf3 Bd6
47. Ne3 Rh1 48. Kg2 Rc1 49. Kf3 Rc3 50. Rxc3 bxc3 51. Nc2 Kd5 52. Ke3 Bc5+ 53.
Kd3 Bxf2 54. Nb4+ Kc5 55. Nc2 Bg1 56. Kxc3 Bh2 57. Nd4 Kd5 58. Nf3 Bxf4 59.
Nxh4 Ke4 60. Nxg6 Bd6 61. h4 f4 62. Nxf4 Kxf4 63. Kd2 1/2-1/2

[Event "IX Floripa Chess Open Fort Atacadista"]
[Site "Florianópolis - Santa Catari"]
[Date "2023.01.26"]
[Round "5.9"]
[White "Matsuura, Everaldo"]
[Black "Burgos, Marcelo Alves"]
[Result "1-0"]
[WhiteElo "2426"]
[BlackElo "2143"]
[PlyCount "133"]
[EventDate "2023.01.23"]
[EventRounds "10"]
[EventCountry "BRA"]

1. e4 c5 2. Nf3 d6 3. d4 cxd4 4. Nxd4 Nf6 5. Nc3 a6 6. Bc4 e6 7. a3 Be7 8. Ba2
b5 9. O-O O-O 10. f4 Nbd7 11. f5 e5 12. Nde2 Bb7 13. Ng3 Rc8 14. Bg5 a5 15.
Bxf6 Nxf6 16. Nh5 b4 17. Nxf6+ Bxf6 18. Nd5 Bxd5 19. Bxd5 Qc7 20. axb4 axb4 21.
Rf2 Qb6 22. Qe2 Bg5 23. Kh1 Qd4 24. Rb1 Rc7 25. Rf3 Rfc8 26. Bb3 Ra8 27. Rd3
Qb6 28. Rbd1 Be7 29. Qh5 Bf8 30. Rh3 h6 31. f6 Qf2 32. fxg7 Bxg7 33. Rf3 Qe2
34. Rdf1 Kh8 35. Qf5 Rca7 36. Bd5 Rf8 37. Rg3 Qxc2 38. b3 Qb2 39. h3 Ra1 40.
Rxa1 Qxa1+ 41. Kh2 Qc1 42. Rf3 Qg5 43. Qd7 Qd8 44. Qxd8 Rxd8 45. Rxf7 Rb8 46.
Kg3 Kh7 47. Rd7 Rb6 48. Kg4 Rb8 49. Kf5 Rf8+ 50. Bf7 Rb8 51. Rxd6 Rf8 52. Rd7
Rb8 53. h4 Rb6 54. Be6 h5 55. Rc7 Kh6 56. Re7 Bf8 57. Re8 Bg7 58. g4 hxg4 59.
Kxg4 Rd6 60. h5 Rd1 61. Bf7 Rd6 62. Rb8 Rf6 63. Bg6 Bf8 64. Bf5 Rf7 65. Rb6+
Kg7 66. h6+ Kh8 67. Rb8 1-0

[Event "IX Floripa Chess Open Fort Atacadista"]
[Site "Florianópolis - Santa Catari"]
[Date "2023.01.26"]
[Round "5.10"]
[White "Nemeth Junior, Henrique"]
[Black "Cori T., Deysi"]
[Result "0-1"]
[WhiteElo "2193"]
[BlackElo "2356"]
[PlyCount "78"]
[EventDate "2023.01.23"]
[EventRounds "10"]
[EventCountry "BRA"]

1. e4 d6 2. d4 g6 3. Be3 c6 4. Qd2 d5 5. Nc3 Bg7 6. e5 f6 7. f4 Nh6 8. Nf3 Bg4
9. Be2 Nf5 10. O-O-O Nd7 11. Rhf1 Qb6 12. h3 Bxf3 13. Rxf3 fxe5 14. fxe5 Nxe3
15. Qxe3 Nxe5 16. Na4 Qa5 17. dxe5 Qxa4 18. Kb1 Qa5 19. e6 O-O-O 20. Rf7 Bf6
21. c3 Qb6 22. Qxb6 axb6 23. Rf1 Rdf8 24. Rxf8+ Rxf8 25. h4 h5 26. g3 Kc7 27.
Rg1 Kd6 28. g4 Bxh4 29. gxh5 gxh5 30. Bxh5 Kxe6 31. Rg4 Rf1+ 32. Kc2 Rf2+ 33.
Kd3 Bf6 34. Rb4 b5 35. a4 Bg5 36. c4 bxc4+ 37. Kd4 Kd6 38. Rxb7 c5+ 39. Kc3
Bf6# 0-1

[Event "IX Floripa Chess Open Fort Atacadista"]
[Site "Florianópolis - Santa Catari"]
[Date "2023.01.26"]
[Round "5.11"]
[White "Almiron, Antonio"]
[Black "Curi, Gabriel"]
[Result "1-0"]
[WhiteElo "2334"]
[BlackElo "2136"]
[PlyCount "65"]
[EventDate "2023.01.23"]
[EventRounds "10"]
[EventCountry "BRA"]

1. d4 e6 2. Nf3 f5 3. e3 Nf6 4. Bd3 d5 5. O-O Bd6 6. c4 c6 7. b3 Qe7 8. Bb2 O-O
9. Nc3 Ne4 10. Rc1 Nd7 11. Ne2 Qf6 12. Rc2 g5 13. Qa1 Qh6 14. Ne5 Bxe5 15. dxe5
Nec5 16. Qd1 Rd8 17. cxd5 Nxd3 18. Qxd3 exd5 19. f4 g4 20. Ng3 Nf8 21. Nxf5
Bxf5 22. Qxf5 Qg6 23. Qxg6+ hxg6 24. h3 gxh3 25. g4 Ne6 26. Rh2 Rd7 27. Rxh3
Rf8 28. f5 gxf5 29. gxf5 Rg7+ 30. Kh2 Rff7 31. Rh6 Rg5 32. Bc3 Ng7 33. e6 1-0

[Event "IX Floripa Chess Open Fort Atacadista"]
[Site "Florianópolis - Santa Catari"]
[Date "2023.01.26"]
[Round "5.12"]
[White "Flores Quillas, Diego Saul Rodri"]
[Black "Volkmann, Andre Jordi"]
[Result "1-0"]
[WhiteElo "2321"]
[BlackElo "2129"]
[PlyCount "61"]
[EventDate "2023.01.23"]
[EventRounds "10"]
[EventCountry "BRA"]

1. e4 c6 2. d4 d5 3. Nc3 dxe4 4. Nxe4 Nf6 5. Nxf6+ exf6 6. c3 Bd6 7. Bd3 O-O 8.
Qc2 Re8+ 9. Ne2 h5 10. O-O h4 11. Nf4 Nd7 12. Qd1 Nf8 13. Qh5 Bxf4 14. Bxf4 h3
15. gxh3 Be6 16. f3 Qd7 17. Kf2 Ng6 18. Be3 Qd6 19. Rg1 Qxh2+ 20. Rg2 Qxh3 21.
Bxg6 fxg6 22. Qxg6 Qh4+ 23. Kg1 Re7 24. Rh2 Bh3 25. Bf2 Qf4 26. Rxh3 Rd8 27.
Qh7+ Kf7 28. Qh5+ Ke6 29. Rh4 Qg5+ 30. Qxg5 fxg5 31. Re1+ 1-0

[Event "IX Floripa Chess Open Fort Atacadista"]
[Site "Florianópolis - Santa Catari"]
[Date "2023.01.26"]
[Round "5.13"]
[White "Perez, Daniel"]
[Black "Kropff, Ricardo"]
[Result "1/2-1/2"]
[WhiteElo "2306"]
[BlackElo "2125"]
[PlyCount "67"]
[EventDate "2023.01.23"]
[EventRounds "10"]
[EventCountry "BRA"]

1. Nf3 Nf6 2. d4 g6 3. Nbd2 c5 4. c3 cxd4 5. cxd4 Bg7 6. g3 O-O 7. Bg2 Nc6 8.
O-O d6 9. b3 e5 10. dxe5 dxe5 11. Ba3 e4 12. Ng5 Re8 13. Ngxe4 Nxe4 14. Nxe4
Qa5 15. Nd6 Rd8 16. Qc1 Bxa1 17. Nc4 Qc3 18. Qxa1 Qxa1 19. Rxa1 Nd4 20. Be7 Rd7
21. Bf6 Nxe2+ 22. Kf1 Nd4 23. Rd1 Nc6 24. Re1 Kf8 25. b4 Nxb4 26. Nd6 Rxd6 27.
Be7+ Kg7 28. Bxd6 a5 29. a3 Ra6 30. Bxb4 axb4 31. axb4 Be6 32. Rd1 Bc4+ 33. Kg1
b5 34. Bd5 1/2-1/2

[Event "IX Floripa Chess Open Fort Atacadista"]
[Site "Florianópolis - Santa Catari"]
[Date "2023.01.26"]
[Round "5.14"]
[White "Do Nascimento, Christian Almeida"]
[Black "Rodi, Luis Ernesto"]
[Result "1/2-1/2"]
[WhiteElo "2097"]
[BlackElo "2295"]
[PlyCount "106"]
[EventDate "2023.01.23"]
[EventRounds "10"]
[EventCountry "BRA"]

1. d4 Nf6 2. Bg5 e6 3. e4 h6 4. Bxf6 Qxf6 5. c3 d5 6. Bd3 dxe4 7. Bxe4 c5 8.
Nf3 cxd4 9. O-O Be7 10. cxd4 O-O 11. Nc3 Nc6 12. d5 exd5 13. Nxd5 Qd6 14. Nxe7+
Qxe7 15. Bxc6 bxc6 16. Re1 Qf6 17. Qd4 Qxd4 18. Nxd4 c5 19. Nc2 Rb8 20. b3 Be6
21. Ne3 Rbc8 22. Rac1 Rfd8 23. Rc2 Rd6 24. Rec1 Ra6 25. Kf1 Kf8 26. Ke1 Rd8 27.
Rd1 Rd4 28. Rdd2 Ra3 29. Rxd4 cxd4 30. Nc4 Bxc4 31. Rxc4 Rxa2 32. Rxd4 Ke7 33.
Re4+ Kd6 34. Rd4+ Ke5 35. Rd7 Ke6 36. Rb7 g5 37. g3 Kf6 38. Kf1 Kg6 39. Kg2 h5
40. h3 h4 41. gxh4 gxh4 42. Rb4 Ra3 43. Rxh4 Rxb3 44. Ra4 Rb7 45. Kg3 f6 46.
Kg4 Rc7 47. f4 Rb7 48. Ra6 Rc7 49. h4 Rb7 50. h5+ Kg7 51. Kf5 Rb5+ 52. Kg4 Rb7
53. Kf5 Rb5+ 1/2-1/2

[Event "IX Floripa Chess Open Fort Atacadista"]
[Site "Florianópolis - Santa Catari"]
[Date "2023.01.26"]
[Round "5.15"]
[White "Becker, Rogerio Sperb"]
[Black "Pereyra, Juan"]
[Result "0-1"]
[WhiteElo "2128"]
[BlackElo "2286"]
[PlyCount "82"]
[EventDate "2023.01.23"]
[EventRounds "10"]
[EventCountry "BRA"]

1. e4 g6 2. d4 Bg7 3. Nc3 d6 4. Be3 Nd7 5. Nf3 c6 6. a4 Qc7 7. Be2 Ngf6 8. h3
O-O 9. O-O b6 10. Qd2 a6 11. Bh6 Bb7 12. Bxg7 Kxg7 13. Qe3 e5 14. Rad1 Rfe8 15.
dxe5 dxe5 16. Nh4 Nf8 17. Qg5 Bc8 18. Nf5+ Bxf5 19. exf5 Rad8 20. Bxa6 h6 21.
Qg3 Nh5 22. Qe3 Nf4 23. f6+ Kg8 24. Bc4 Nh7 25. Ne4 Rd4 26. Be2 Rxa4 27. h4
Rxe4 28. Qxe4 Nxf6 29. Qe3 e4 30. c4 c5 31. g3 Ne6 32. Qxh6 e3 33. f4 Nd4 34.
Rxd4 cxd4 35. h5 d3 36. Bxd3 e2 37. Re1 Qc5+ 38. Kg2 Ng4 39. Qg5 Qf2+ 40. Kh3
Qxe1 41. Bxg6 Nf2+ 0-1

[Event "IX Floripa Chess Open Fort Atacadista"]
[Site "Florianópolis - Santa Catari"]
[Date "2023.01.26"]
[Round "5.16"]
[White "Souza Dos Santos, Matheus Garcett"]
[Black "Coro, Lucas"]
[Result "0-1"]
[WhiteElo "2041"]
[BlackElo "2272"]
[PlyCount "134"]
[EventDate "2023.01.23"]
[EventRounds "10"]
[EventCountry "BRA"]

1. e4 c5 2. Nf3 e6 3. d4 cxd4 4. Nxd4 Nc6 5. Nc3 a6 6. Be3 Nf6 7. Be2 Qc7 8.
O-O Bb4 9. Nxc6 bxc6 10. Bf3 O-O 11. a3 Bxc3 12. bxc3 d5 13. Bc5 Re8 14. Re1
Nd7 15. Bd4 Bb7 16. c4 e5 17. Bc3 d4 18. Bd2 Nc5 19. c3 a5 20. cxd4 exd4 21. g3
a4 22. Bf4 Qd7 23. Bg4 Qd8 24. e5 Bc8 25. Bf3 Ra6 26. h4 Bf5 27. Bg5 Qd7 28. h5
Nd3 29. e6 fxe6 30. Re2 h6 31. Be4 Nc5 32. Bxf5 exf5 33. Bf4 Nb3 34. Raa2 c5
35. Qd3 Raa8 36. Rac2 Rad8 37. Be5 Qf7 38. f4 Na5 39. Rg2 Nc6 40. Rcf2 Nxe5 41.
fxe5 Rxe5 42. g4 Re1+ 43. Kh2 Qc7+ 44. Qg3 Qxg3+ 45. Kxg3 Re3+ 46. Rf3 f4+ 47.
Kf2 Rb8 48. Rxf4 Rxa3 49. Rf5 Rf8 50. Rg1 Rc3 51. Ke2 Rxf5 52. gxf5 Kf7 53. Rg6
Rxc4 54. Kd3 Rc3+ 55. Ke4 Rh3 56. Ra6 a3 57. Ke5 Re3+ 58. Kf4 c4 59. Ra7+ Kf6
60. Ra6+ Ke7 61. Ra7+ Kd6 62. Rxg7 c3 63. Rg6+ Kd5 64. Rg2 Re4+ 65. Kf3 Ke5 66.
Ra2 Kxf5 67. Rxa3 c2 0-1

[Event "IX Floripa Chess Open Fort Atacadista"]
[Site "Florianópolis - Santa Catari"]
[Date "2023.01.26"]
[Round "5.17"]
[White "Kim, Thiago"]
[Black "Villalba, Marcelo"]
[Result "1-0"]
[WhiteElo "1980"]
[BlackElo "2269"]
[PlyCount "81"]
[EventDate "2023.01.23"]
[EventRounds "10"]
[EventCountry "BRA"]

1. e4 e5 2. Nf3 Nc6 3. d4 exd4 4. Bc4 Nf6 5. e5 d5 6. Bb5 Ne4 7. Nxd4 Bd7 8.
Bxc6 bxc6 9. O-O Bc5 10. f3 Ng5 11. Be3 Bb6 12. f4 Ne4 13. Nd2 Nxd2 14. Qxd2 c5
15. Nf3 d4 16. Bf2 Bc6 17. f5 Qd5 18. Bh4 Kd7 19. c4 Qxc4 20. e6+ Kc8 21. Ne5
Qd5 22. Nxc6 Qxc6 23. exf7 Rf8 24. Qe2 Rxf7 25. Qa6+ Kd7 26. a4 Raf8 27. a5
Rxf5 28. Rxf5 Rxf5 29. axb6 axb6 30. Re1 g5 31. Qe2 Qg6 32. Qe7+ Kc8 33. Bg3
Rf7 34. Qe8+ Kb7 35. Qd8 Qf5 36. Ra1 Kc6 37. Qa8+ Kd7 38. Re1 Re7 39. Qa4+ Kd8
40. Bxc7+ Kc8 41. Qa8+ 1-0

[Event "IX Floripa Chess Open Fort Atacadista"]
[Site "Florianópolis - Santa Catari"]
[Date "2023.01.26"]
[Round "5.18"]
[White "Tomiello, Lucas Costamilan"]
[Black "Calcado, Acyr Rogerio"]
[Result "1/2-1/2"]
[WhiteElo "2263"]
[BlackElo "2106"]
[PlyCount "57"]
[EventDate "2023.01.23"]
[EventRounds "10"]
[EventCountry "BRA"]

1. e4 c5 2. Nf3 e6 3. d4 cxd4 4. Nxd4 a6 5. c4 Nf6 6. Nc3 Nc6 7. Nxc6 dxc6 8.
Qxd8+ Kxd8 9. Bf4 b5 10. O-O-O+ Nd7 11. e5 h6 12. Ne4 g5 13. Bg3 Bg7 14. Nd6
Rf8 15. h4 Kc7 16. hxg5 hxg5 17. Ne4 Kb6 18. Rh7 Bxe5 19. Rxd7 Bxg3 20. c5+ Ka5
21. Rd4 Bf4+ 22. Kc2 e5 23. b4+ Ka4 24. Nc3+ Ka3 25. Nb1+ Ka4 26. Nc3+ Ka3 27.
Nb1+ Ka4 28. Nc3+ Ka3 29. Nb1+ 1/2-1/2

[Event "IX Floripa Chess Open Fort Atacadista"]
[Site "Florianópolis - Santa Catari"]
[Date "2023.01.26"]
[Round "5.19"]
[White "Ribeiro, Matheus Mendes Domi"]
[Black "Starke, Bruno Orlando"]
[Result "1-0"]
[WhiteElo "2250"]
[BlackElo "2100"]
[PlyCount "71"]
[EventDate "2023.01.23"]
[EventRounds "10"]
[EventCountry "BRA"]

1. c4 Nf6 2. Nc3 e5 3. Nf3 Nc6 4. g3 d5 5. cxd5 Nxd5 6. Bg2 Nb6 7. O-O Be7 8.
d3 O-O 9. Be3 f5 10. Na4 Bf6 11. Nd2 Nd4 12. Nc5 c6 13. Bxd4 exd4 14. Qb3+ Kh8
15. Ne6 Bxe6 16. Qxe6 g6 17. Bf3 Qe7 18. Qxe7 Bxe7 19. Nb3 Rfd8 20. Na5 Rd7 21.
Nxc6 bxc6 22. Bxc6 Rb8 23. Bxd7 Nxd7 24. Rac1 Bc5 25. Rc2 a5 26. Rfc1 a4 27. b3
axb3 28. axb3 Rb5 29. b4 Bd6 30. Rc6 Be5 31. f4 Bb8 32. Re6 Kg8 33. Re7 Nf8 34.
Rc6 Rxb4 35. Rf6 Rb2 36. Kf1 1-0

[Event "IX Floripa Chess Open Fort Atacadista"]
[Site "Florianópolis - Santa Catari"]
[Date "2023.01.26"]
[Round "5.20"]
[White "Pontes, Israel Fillip Da Si"]
[Black "Gattass, Allan"]
[Result "0-1"]
[WhiteElo "1947"]
[BlackElo "2246"]
[PlyCount "78"]
[EventDate "2023.01.23"]
[EventRounds "10"]
[EventCountry "BRA"]

1. e4 c5 2. Nf3 Nc6 3. d4 cxd4 4. Nxd4 Nf6 5. Nc3 e6 6. Nxc6 bxc6 7. Qd3 d5 8.
exd5 cxd5 9. Qg3 a6 10. Bd3 Bb7 11. Bg5 Qd6 12. Bf4 Qb4 13. Bd2 Qd6 14. Bf4 Qb6
15. Bd2 g6 16. h4 O-O-O 17. O-O Bd6 18. Qh3 Nd7 19. a4 e5 20. a5 Qc7 21. Na4 e4
22. Nb6+ Kb8 23. Nxd7+ Rxd7 24. Bc3 Re8 25. Be2 Bc5 26. b4 Ba7 27. b5 axb5 28.
Bxb5 Bc6 29. Rfb1 Ka8 30. Bd2 f5 31. Bf4 Qc8 32. a6 Bxb5 33. Rxb5 Qxc2 34. Qg3
d4 35. Rab1 d3 36. R5b2 Qc6 37. Be3 Qxa6 38. Qf4 Qd6 39. Qg5 Rb8 0-1